Quizzes
Events
Quiz Creation
Community
Videos
Private Events
Remove Ads
Sign In
Join for FREE
Feedback
Dark Mode
Quiz Categories
Sports
Geography
Music
Movies
Television
Just For Fun
Miscellaneous
History
Literature
Language
Science
Gaming
Entertainment
Religion
Holiday
For Kids
Quiz Lab
Recent
Popular Today
Quiz Kudos Today
Editor Picks
Curator Picks
Quizzes by...
Day
Popularity
Type
Ratings
Length
Year
Community
Subscriptions
Recent Discussions
Orange Saloon
Badges
Playlists
Quests
Create
Leaderboards
Showdown
Live 5
Trivia Bingo
Activity
Puzzle Library
Sporcle Events
Private Events
Virtual Trivia
Globe League
Become a Host
Pub Owners
SporcleCon
Opinionation
Our Games
Videos
Blog
Mobile Apps
Partnerships
Remove Ads and Go Orange
Feedback
Literature
Harry Potter
A Song of Ice and Fire
The Hunger Games
Literary Character
Shakespeare
Book
Author
Novel
Poem
Young Adult
Children's Books
Play
Lord of the Rings
Literature
Harry Potter
A Song of Ice and Fire
The Hunger Games
Literary Character
Shakespeare
Book
Author
Novel
Poem
Young Adult
Children's Books
Play
Lord of the Rings
Random Quiz
Search Sporcle
×
Quiz Lab
Quiz Lab
Literature
The Dark Tower
Type in answers that appear in a list
Type in answers that appear in a list
Classic
Best Score? Go Orange.
The Dark Tower Stats
Can you name the The Dark Tower parts?
By
mikedraven
5m
7 Questions
74 Plays
74 Plays
74 Plays
Comments
Comments
Give Quiz Kudos
Give Quiz Kudos
-
- Ratings
hide this ad
Replay
Link that replays current quiz
Next Quiz
Link to next quiz in quiz playlist
You Got
0%
They Got
Avg Score
91%
Avg Friend Score
Upgrade to see
Score Distribution
Jump to the score distribution portion of the page
Score
0/7
Timer
05:00
0
Plays Today
Part
Title
% Correct
The Dark Tower I
The Gunslinger
97.3%
The Dark Tower VII
The Dark Tower
94.6%
The Dark Tower II
The Drawing of the Three
93.2%
The Dark Tower IV
The Wizard and the Glass
91.9%
The Dark Tower VI
The Song of Susannah
90.5%
The Dark Tower III
The Wastelands
87.8%
The Dark Tower V
The Wolves of Calla
87.8%
Quiz Playlist
Details
Report
Send in Message
Add To Playlist
Classic:
Type in answers that appear in a list
Last Updated: Feb 16, 2017
Quiz Scoreboard
CHALLENGE
Sign Up to Join the Scoreboard
Show All
Scores
Hide
Comments
May contain spoilers
Recently Published
Decade Duel: World Leaders
by jenniferyan
History
4m
Alphabetical 'K' Countries by Flag Minefield
by ylime102
Geography
3m
Pick 6: Fruits
by JohnFran
Miscellaneous
15s
More to Explore
Quiz From the Vault
Featured Blog Post
15 Basketball Trivia Facts You Can Be March Mad About
hide this ad
You Might Also Like...
Tags
dark
The Dark Tower
Tower
Today's Top Quizzes in Literature
Browse Literature
hide this ad
Top Contributed Quizzes in Literature
1
Season Plays
2
Pick 3: Harry Potter Hogwarts Quidditch Players
3
Harry Potter Characters: Logic Puzzle
4
Word Ladder: King's 'The Stand'
5
Spring Reading List
6
4-to-1 Blitz: Harry Potter
7
Harry Potter Logic Quiz New
8
Literature Acrostic Puzzle
9
A Court of Thorns and Roses (ACoTaR) Criteria Quiz
10
Keeper of the Lost Cities Logic Puzzle
Explore More
Trending Topics
Disney
Kpop
NBA
Anime
Harry Potter
Crossword
Marvel
The Office
WWE
Puzzle
NFL
Country
Pokémon
Soccer
Song
hide this ad
More By:
mikedraven
Quiz
Plays
Rating
Category
Featured
Created
Who's That Actor
266,536
4.50
Movies
Nov 1, 2009
Who's That Actor II
161,941
4.18
Movies
Nov 4, 2009
LOTR: Actors
140,000
4.35
Movies
Sep 23, 2009
Stephen King Movies
23,555
4.15
Movies
Sep 23, 2009
John Carpenter Movies
18,320
4.29
Movies
Oct 1, 2009
Go to Creator's Profile
Score Distribution
Quiz Creator Spotlight
mikedraven
Follow
Send a Message
Quizzes Created
-
Created Quiz Play Count
-
More By This Creator
Popular Quizzes Today
1
Countries of Asia Without Outlines Minefield
2
Find the US States - No Outlines Minefield
3
Pick 6: Fruits
4
Alphabetical 'K' Countries by Flag Minefield
5
The Countries of the World
6
Find the Countries of Europe - No Outlines Minefield
7
Find the US States
8
US States
More Literature Quizzes
Literature Subcategory 'K'
Published
Trending Quizzes
Pick 6: Mountains
Pick 6: Harry Potter
Pick 6: Flags
Pick 6: NFL Teams
Pick 6: Movie Franchises
Recently Updated
Adaptations: Name the Title
pecheneg
NWSL Teams
pecheneg
Women's Final Four Teams by Year
bhenderson79
Presidents Quartet II
eogle
Anything But Clue(do)
eogle
Anything But Oceanian Capitals
eogle
Anything But 7
eogle
Anything But Thing
eogle
Word Ladder: February 29
pecheneg
Song Title Questions
pecheneg
Trending Topics
Crossword
Anime
Kpop
NBA
Harry Potter
Disney
Marvel
Song
Pokémon
Puzzle
Country
WWE
NFL
Soccer
The Office
Your Account Isn't Verified!
In order to create a playlist on Sporcle, you need to verify the email address you used during registration. Go to your
Sporcle Settings
to finish the process.
Report this User
Report this user for behavior that violates our
Community Guidelines
.
Details:
Send Report
Go to the Sporcle.com Mobile Site →
Comments